| 000 | 00588nab a2200169Ia 4500 | ||
|---|---|---|---|
| 003 | ES-SlBCS | ||
| 005 | 20210601142428.0 | ||
| 008 | 140529s1992 xxu||||| |||| 00| 0 spa d | ||
| 041 | _aspa | ||
| 100 | 1 |
_aJohnson, Howard M. _9270312 |
|
| 245 | 0 | 0 |
_aSuperantígenos en la enfermedad humana _c Howard M. Johnson, Jeffry K. Russell, Carol H. Pontzer |
| 650 | 0 | 4 |
_aMedicina _914377 |
| 700 | 1 |
_aPontzer, Carol H. _9270313 |
|
| 700 | 1 |
_aRussell, Jeffry K _9270314 |
|
| 773 | 0 |
_tInvestigacion y Ciencia (Traducción de: Scientific American) _gnº. 189, 1992, págs. 46-54 _wRev1650 |
|
| 942 | _cAR | ||
| 999 |
_c676736 _d676736 |
||